NFL Teams by State - Statistics

General Stats
  • This quiz has been taken 55 times
  • The average score is 18 of 22
Answers on the Map
Answers color-coded by a green-red scale on the quiz's map according to % correct below.
 
Answer Stats
Answer % Correct
Cardinals
95%
Rams, Chargers, 49ers
93%
Texans, Cowboys
93%
Dolphins, Buccaneers, Jaguars
91%
Jets, Giants, Bills
86%
Raiders
86%
Seahawks
86%
Bears
84%
Bengals, Browns
84%
Lions
84%
Saints
84%
Titans
84%
Vikings
84%
Broncos
81%
Packers
81%
Patriots
81%
Ravens
81%
Steelers, Eagles
81%
Falcons
79%
Chiefs
77%
Colts
77%
Panthers
77%
No matching quizzes found
Score Distribution
Percent of People with Each Score
Percentile by Number Answered
Your Score History
You have not taken this quiz